[Event "Team men HL chess"]
[Site "?"]
[Date "2015.05.01"]
[Round "1.1"]
[White "Iljin, Artem"]
[Black "Goganov, Aleksey"]
[Result "1/2-1/2"]
[WhiteElo "2537"]
[BlackElo "2612"]
[PlyCount "80"]
[EventDate "2015.05.01"]

1. Nf3 d5 2. g3 c6 3. Bg2 Bg4 4. O-O Nd7 5. d3 e6 6. e4 Bd6 7. Qe1 Ne7 8. Nbd2
O-O 9. b3 Bb4 10. h3 Bh5 11. Qe3 Bc3 12. Rb1 c5 13. Nh4 d4 14. Qe1 Nc6 15. f4
f6 16. a3 g5 17. Nhf3 gxf4 18. gxf4 Kh8 19. Qh4 Qe8 20. Nh2 Rg8 21. Ndf3 Qg6
22. Rf2 Rg7 23. Bd2 Bxf3 24. Nxf3 Bxd2 25. Rxd2 e5 26. Kh1 Rag8 27. Rf1 Nd8 28.
Rdf2 Qe8 29. f5 Nf7 30. Nh2 Nd6 31. a4 Rg5 32. Bf3 Qf8 33. Bg4 Nc8 34. Nf3 R5g7
35. Rg2 Ne7 36. Rfg1 Nc6 37. Qh6 Re7 38. Qh5 Reg7 39. Qh6 Re7 40. Qh5 Reg7
1/2-1/2

[Event "Team men HL chess"]
[Site "?"]
[Date "2015.05.01"]
[Round "1.1"]
[White "Yudin, Sergei"]
[Black "Rodchenkov, Sergey D"]
[Result "1-0"]
[WhiteElo "2520"]
[BlackElo "2355"]
[PlyCount "85"]
[EventDate "2015.05.01"]

1. e4 c5 2. Nf3 d6 3. c3 Nf6 4. Bd3 g6 5. h3 Bg7 6. O-O O-O 7. Bc2 b6 8. d4 Bb7
9. Re1 Nc6 10. Nbd2 cxd4 11. cxd4 Nb4 12. Bb1 Rc8 13. a3 Nc6 14. b4 Nh5 15. Bb2
Nf4 16. Nf1 Qd7 17. Qd2 Nh5 18. g4 Nf6 19. d5 Nb8 20. Ng3 Qd8 21. Nd4 Nfd7 22.
Ba2 Ne5 23. Qe2 Bh6 24. Bc1 Bxc1 25. Raxc1 Ba6 26. b5 Rxc1 27. Rxc1 Bb7 28. Nc6
Qc7 29. f4 Nexc6 30. dxc6 Bc8 31. Qe3 Be6 32. Bd5 Bc8 33. f5 e6 34. fxe6 fxe6
35. Ba2 Qe7 36. e5 dxe5 37. Re1 a6 38. a4 Qb4 39. Qxe5 Qxa4 40. Bxe6+ Bxe6 41.
Qxe6+ Kg7 42. Qe5+ Kg8 43. c7 1-0

[Event "Team men HL chess"]
[Site "?"]
[Date "2015.05.01"]
[Round "1.1"]
[White "Gerasimov, Ivan"]
[Black "Pogromsky, Mikhail"]
[Result "1/2-1/2"]
[WhiteElo "2329"]
[BlackElo "2428"]
[PlyCount "40"]
[EventDate "2015.05.01"]

1. e4 Nf6 2. e5 Nd5 3. d4 d6 4. Nf3 Nb6 5. Be2 Bg4 6. O-O Nc6 7. h3 Bh5 8. e6
fxe6 9. Ng5 Bxe2 10. Qxe2 Nxd4 11. Qe4 e5 12. f4 d5 13. Qxe5 Nxc2 14. Qf5 Nxa1
15. Qf7+ Kd7 16. Qe6+ Ke8 17. Qf7+ Kd7 18. Qe6+ Ke8 19. Qf7+ Kd7 20. Qe6+ Ke8
1/2-1/2

[Event "Team men HL chess"]
[Site "?"]
[Date "2015.05.01"]
[Round "1.1"]
[White "Vokarev, Sergey"]
[Black "Torbin, Kirill"]
[Result "1-0"]
[WhiteElo "2456"]
[BlackElo "2372"]
[PlyCount "76"]
[EventDate "2015.05.01"]

1. e4 c5 2. Nf3 Nc6 3. Bb5 g6 4. O-O Bg7 5. Re1 e5 6. Bxc6 dxc6 7. d3 Qe7 8.
Nbd2 Nf6 9. Nc4 Nd7 10. Bd2 O-O 11. a3 Nb8 12. Bc3 f6 13. b4 Na6 14. Rb1 Be6
15. Na5 Rac8 16. Nd2 b6 17. Nxc6 Rxc6 18. b5 Rc7 19. bxa6 Qd7 20. Bb2 Qa4 21.
Nc4 Rd8 22. Qe2 Qxa6 23. Red1 Bxc4 24. dxc4 Rcd7 25. g3 Bf8 26. Rxd7 Rxd7 27.
f4 Bg7 28. Rf1 Rd6 29. fxe5 fxe5 30. Qf3 Rf6 31. Qd3 Rxf1+ 32. Kxf1 Qb7 33.
Qd8+ Kf7 34. Qd5+ Qxd5 35. exd5 Ke7 36. Ke2 Kd6 37. a4 Bf6 38. Ke3 Kd7 1-0

[Event "Team men HL chess"]
[Site "?"]
[Date "2015.05.01"]
[Round "1.2"]
[White "Chigaev, Maksim"]
[Black "Gabrielian, Artur"]
[Result "1-0"]
[WhiteElo "2497"]
[BlackElo "2562"]
[PlyCount "97"]
[EventDate "2015.05.01"]

1. e4 e5 2. Nf3 Nc6 3. Bb5 a6 4. Ba4 Nf6 5. d3 Bc5 6. Bxc6 dxc6 7. Nbd2 Be6 8.
O-O Bd6 9. b3 Nd7 10. Bb2 c5 11. Nc4 Bxc4 12. dxc4 Qe7 13. Qe2 Nf8 14. g3 f6
15. Nh4 g6 16. f4 exf4 17. gxf4 O-O-O 18. e5 Qe6 19. Rae1 fxe5 20. fxe5 Be7 21.
Rf6 Bxf6 22. exf6 Qxe2 23. Rxe2 h6 24. Re7 g5 25. Nf5 Ng6 26. Rg7 Nf4 27. f7
Rhf8 28. Nxh6 Ne6 29. Rg8 Nd4 30. Kg2 Kd7 31. Rxg5 Ne6 32. Rf5 b6 33. Bf6 Rc8
34. Kg3 c6 35. Kg4 Kd6 36. Kh5 b5 37. Kg6 bxc4 38. bxc4 Nd4 39. Rf2 Ne6 40. c3
Kd7 41. Be5 Rcd8 42. Rd2+ Kc8 43. Rb2 Rd1 44. Rb8+ Kd7 45. Rb7+ Kc8 46. Re7
Rg1+ 47. Bg3 Nf4+ 48. Kf5 Kd8 49. Ra7 1-0

[Event "Team men HL chess"]
[Site "?"]
[Date "2015.05.01"]
[Round "1.2"]
[White "Rozhko, Dmitry"]
[Black "Levin, Evgeny A"]
[Result "0-1"]
[WhiteElo "2334"]
[BlackElo "2529"]
[PlyCount "70"]
[EventDate "2015.05.01"]

1. d4 Nf6 2. Nf3 g6 3. g3 Bg7 4. Bg2 O-O 5. O-O d6 6. a4 Na6 7. Nc3 c5 8. d5
Nc7 9. e4 Rb8 10. Re1 Bg4 11. h3 Bxf3 12. Qxf3 Nd7 13. Qe2 Re8 14. Bd2 a6 15.
a5 e6 16. dxe6 Nxe6 17. Qc4 Nd4 18. Qa4 b5 19. axb6 Nxb6 20. Qxa6 Nxc2 21. Rad1
Nxe1 22. Bxe1 Qc8 23. Qd3 Qe6 24. Nb5 Qc4 25. Nxd6 Qxd3 26. Rxd3 Red8 27. Bc3
Bxc3 28. bxc3 Nc4 29. e5 Nxe5 30. Rd5 Rb1+ 31. Kh2 Rb6 32. Rxc5 Rdxd6 33. Rxe5
Rd2 34. g4 Rxf2 35. Kg3 Rc2 0-1

[Event "Team men HL chess"]
[Site "?"]
[Date "2015.05.01"]
[Round "1.2"]
[White "Usmanov, Vasily"]
[Black "Bykov, Egor"]
[Result "0-1"]
[WhiteElo "2460"]
[BlackElo "2245"]
[PlyCount "150"]
[EventDate "2015.05.01"]

1. c4 c6 2. e4 d5 3. cxd5 cxd5 4. exd5 Nf6 5. Qa4+ Nbd7 6. Nc3 g6 7. Nf3 Bg7 8.
Bc4 O-O 9. d3 Ne8 10. O-O Nd6 11. Re1 a6 12. Qa3 Rb8 13. Bb3 b5 14. Qb4 a5 15.
Qf4 a4 16. Bc2 Bb7 17. Qb4 Nb6 18. Bg5 Re8 19. Nxb5 Nxb5 20. Qxb5 Bxd5 21. Bxa4
Nxa4 22. Qxa4 Bxf3 23. gxf3 Bxb2 24. Rab1 Qd5 25. Rxb2 Qxg5+ 26. Kf1 Rxb2 27.
Qxe8+ Kg7 28. Qxe7 Qxe7 29. Rxe7 Rxa2 30. f4 Kf6 31. Re4 Rd2 32. Rd4 h5 33. Kg2
Rd1 34. Kf3 Rh1 35. Kg2 Rd1 36. Rd5 Ke6 37. Re5+ Kf6 38. Re3 Kf5 39. Kf3 Rh1
40. Re5+ Kf6 41. d4 Rxh2 42. Re1 Rh3+ 43. Ke4 Ra3 44. Kd5 Rf3 45. Kc6 Rxf4 46.
d5 Rxf2 47. d6 Rc2+ 48. Kd7 g5 49. Rf1+ Kg6 50. Rd1 g4 51. Kd8 h4 52. d7 Ra2
53. Ke7 Ra7 54. Rd6+ Kf5 55. Kxf7 g3 56. Rd5+ Kf4 57. Kf6 Rxd7 58. Rxd7 g2 59.
Rd4+ Kf3 60. Kf5 g1=Q 61. Rf4+ Ke3 62. Re4+ Kd3 63. Rxh4 Qc5+ 64. Kg6 Qe5 65.
Rg4 Ke3 66. Rg5 Qe6+ 67. Kg7 Kf4 68. Rg6 Qe7+ 69. Kh6 Kf5 70. Rg8 Qh4+ 71. Kg7
Qg5+ 72. Kh7 Qh5+ 73. Kg7 Qg6+ 74. Kf8 Qf6+ 75. Ke8 Ke6 0-1

[Event "Team men HL chess"]
[Site "?"]
[Date "2015.05.01"]
[Round "1.2"]
[White "Nechaev, Oleg"]
[Black "Palchun, Grigory"]
[Result "1-0"]
[WhiteElo "2339"]
[BlackElo "2299"]
[PlyCount "139"]
[EventDate "2015.05.01"]

1. Nf3 Nf6 2. g3 d5 3. Bg2 c6 4. O-O Bf5 5. c4 e6 6. b3 Be7 7. Bb2 O-O 8. d3 h6
9. Nbd2 Nbd7 10. Qc2 Bh7 11. Qc3 c5 12. e4 d4 13. Qc2 e5 14. h3 Qc7 15. Nh4 Ne8
16. Nf5 Bf6 17. Rae1 Nb8 18. Nf3 Nc6 19. Bc1 Qd7 20. g4 Nc7 21. h4 Ne6 22. g5
hxg5 23. hxg5 Be7 24. Bh3 Qd8 25. Nxe7+ Qxe7 26. Bf5 Bg6 27. Kg2 Bh5 28. Rh1 g6
29. Rxh5 gxh5 30. Rh1 Kg7 31. Qd1 Rh8 32. Rh4 Rag8 33. Qh1 Kf8 34. Rxh5 Rxh5
35. Qxh5 Nf4+ 36. Bxf4 exf4 37. Qh6+ Ke8 38. Qh7 Qf8 39. Qh4 Qd6 40. e5 Nxe5
41. Qxf4 f6 42. Kf1 Kd8 43. gxf6 Nf7 44. Qe4 Kc7 45. b4 cxb4 46. Be6 Re8 47.
Nxd4 Kb8 48. Qg4 Rd8 49. Bxf7 Qxd4 50. Qxd4 Rxd4 51. Bd5 Rf4 52. f7 Kc7 53. c5
Kd7 54. Ke2 Ke7 55. Bxb7 Rxf7 56. d4 a5 57. Bd5 Rg7 58. Bb3 Rg1 59. Kd2 Rf1 60.
d5 Rxf2+ 61. Ke3 Rh2 62. d6+ Kd7 63. Kd4 Rh4+ 64. Kd5 Rh5+ 65. Kc4 Rg5 66. Kb5
Rh5 67. Kb6 Rg5 68. Ba4+ Kd8 69. c6 Rg6 70. Kb7 1-0

[Event "Team men HL chess"]
[Site "?"]
[Date "2015.05.01"]
[Round "1.3"]
[White "Belov, Igor"]
[Black "Iljiushenok, Ilia"]
[Result "1/2-1/2"]
[WhiteElo "2407"]
[BlackElo "2485"]
[PlyCount "89"]
[EventDate "2015.05.01"]

1. Nf3 d5 2. d4 Nf6 3. c4 c6 4. e3 Bf5 5. cxd5 cxd5 6. Qb3 Qc7 7. Bd2 e6 8.
Bb5+ Nbd7 9. O-O a6 10. Rc1 Qb6 11. Bxd7+ Nxd7 12. Nc3 Bd6 13. Na4 Qxb3 14.
axb3 Ke7 15. Nc5 Bxc5 16. dxc5 Rhc8 17. Bb4 Ke8 18. Rc3 e5 19. Rd1 Be6 20. Ng5
Rc6 21. f4 h6 22. Nxe6 fxe6 23. fxe5 a5 24. Ba3 Nxe5 25. e4 Rd8 26. exd5 Rxd5
27. Rxd5 exd5 28. Re3 Re6 29. b4 Kd7 30. bxa5 Kc6 31. Bb4 d4 32. Re1 Kd5 33.
Rd1 Nc6 34. Bd2 Kxc5 35. Rc1+ Kd5 36. Kf2 Re7 37. b4 Ne5 38. Rc5+ Ke4 39. Ke2
d3+ 40. Kd1 Rf7 41. Ke1 Re7 42. Kd1 Rf7 43. Ke1 Re7 44. Kd1 Rf7 45. Ke1 1/2-1/2

[Event "Team men HL chess"]
[Site "?"]
[Date "2015.05.01"]
[Round "1.3"]
[White "Nozdrachev, Vladislav"]
[Black "Skomorokhin, Roman"]
[Result "1/2-1/2"]
[WhiteElo "2476"]
[BlackElo "2376"]
[PlyCount "81"]
[EventDate "2015.05.01"]

1. e4 e6 2. d4 d5 3. e5 c5 4. c3 Qb6 5. Nf3 Nc6 6. a3 Bd7 7. b4 cxd4 8. cxd4
Rc8 9. Bb2 Na5 10. Nbd2 Nc4 11. Nxc4 dxc4 12. Rc1 Qa6 13. d5 exd5 14. Qxd5 Ne7
15. Qd6 Nc6 16. Bxc4 Bxd6 17. Bxa6 Bxb4+ 18. axb4 bxa6 19. Ba3 Ne7 20. Rxc8+
Nxc8 21. Kd2 Nb6 22. Rc1 Be6 23. Nd4 Kd7 24. Kd3 Rc8 25. Rc5 Bc4+ 26. Kc3 Bd5
27. Rxc8 Nxc8 28. g4 Ne7 29. f4 Bg2 30. f5 Bh3 31. e6+ fxe6 32. fxe6+ Ke8 33.
b5 axb5 34. Nxb5 Bxg4 35. Nd6+ Kd8 36. Nf7+ Ke8 37. Nd6+ Kd8 38. Nf7+ Ke8 39.
Nd6+ Kd8 40. Nf7+ Ke8 41. Nd6+ 1/2-1/2

[Event "Team men HL chess"]
[Site "?"]
[Date "2015.05.01"]
[Round "1.3"]
[White "Zakharov, Aleksej"]
[Black "Chernobay, Artem"]
[Result "1-0"]
[WhiteElo "2310"]
[BlackElo "2511"]
[PlyCount "99"]
[EventDate "2015.05.01"]

1. d4 Nf6 2. c4 g6 3. Nc3 Bg7 4. e4 d6 5. Nf3 O-O 6. Be2 Nbd7 7. O-O e5 8. Qc2
Re8 9. Rd1 c6 10. d5 c5 11. a3 Nh5 12. g3 Bf8 13. Ne1 Ng7 14. b4 b6 15. Rb1 Be7
16. bxc5 bxc5 17. Ng2 f5 18. f3 Rf8 19. Qa4 a6 20. Bd2 Nf6 21. Qc6 Bd7 22. Qb6
Qe8 23. Rf1 Qf7 24. f4 Rfc8 25. fxe5 dxe5 26. Ne3 Nfe8 27. Ng4 Qf8 28. Nxe5 Nf6
29. Bf4 Be8 30. Nd3 fxe4 31. Nf2 Nd7 32. Qb2 Bf6 33. Nfxe4 Bd4+ 34. Kh1 Qe7 35.
Qd2 Ne5 36. d6 Qe6 37. Nd5 Bc6 38. Bxe5 Bxd5 39. cxd5 Qxe5 40. Nf6+ Kh8 41. Qh6
Qxf6 42. Rxf6 Bxf6 43. Bg4 Rf8 44. Rf1 c4 45. d7 c3 46. Qe3 Rab8 47. Qc5 h5 48.
Be6 Kh7 49. Qc6 Rb2 50. Qc8 1-0

[Event "Team men HL chess"]
[Site "?"]
[Date "2015.05.01"]
[Round "1.3"]
[White "Ofitserian, Boris"]
[Black "Skomorokhin, Vadim"]
[Result "1-0"]
[WhiteElo "2259"]
[BlackElo "2342"]
[PlyCount "69"]
[EventDate "2015.05.01"]

1. d4 Nf6 2. c4 a6 3. Nf3 c5 4. d5 b5 5. Qc2 d6 6. e4 g6 7. cxb5 Bg7 8. Nc3 O-O
9. a4 e6 10. dxe6 fxe6 11. Be3 Ng4 12. Bg5 Qc7 13. Be2 Nd7 14. h3 Ngf6 15. Qb3
Nb6 16. a5 axb5 17. Ra3 b4 18. axb6 Rxa3 19. bxa3 Qxb6 20. O-O Qb7 21. axb4
cxb4 22. Bxf6 Bxf6 23. Na2 Qxe4 24. Bd3 Qa8 25. Nxb4 Bd7 26. Bc4 Qc8 27. Rc1
Kg7 28. Nd3 e5 29. Bd5 Qe8 30. Qb7 Kh8 31. Rc7 Be6 32. Rxh7+ Kg8 33. Rc7 Kh8
34. Rh7+ Kg8 35. Ng5 1-0

[Event "Team men HL chess"]
[Site "?"]
[Date "2015.05.01"]
[Round "1.4"]
[White "Zablotsky, Sergei"]
[Black "Grishchenko, Sergey"]
[Result "1/2-1/2"]
[WhiteElo "2525"]
[BlackElo "2441"]
[PlyCount "87"]
[EventDate "2015.05.01"]

1. Nf3 c5 2. e4 Nf6 3. e5 Nd5 4. Nc3 e6 5. Nxd5 exd5 6. d4 d6 7. c3 Nc6 8. Bb5
a6 9. Bxc6+ bxc6 10. O-O Be7 11. Qa4 Qb6 12. Bf4 dxe5 13. dxc5 Qxc5 14. Nxe5
Qb5 15. Qxb5 cxb5 16. a4 bxa4 17. Rxa4 f6 18. Nf3 Kf7 19. Rd1 Bb7 20. Nd4 Rac8
21. Be3 Rb8 22. f3 Rhe8 23. Kf2 Bc5 24. Nc2 Bc6 25. Ra2 Bb5 26. b3 Rec8 27. Nd4
Bxd4 28. Bxd4 Re8 29. g4 Rbc8 30. h4 Re6 31. Re1 Rxe1 32. Kxe1 h5 33. Rg2 Re8+
34. Kd2 hxg4 35. fxg4 Re4 36. h5 Bd7 37. g5 Rg4 38. g6+ Kg8 39. Rh2 Bf5 40. Ke3
Rg5 41. c4 Rg4 42. Bc5 Be4 43. cxd5 Bxd5 44. b4 1/2-1/2

[Event "Team men HL chess"]
[Site "?"]
[Date "2015.05.01"]
[Round "1.4"]
[White "Potapov, Alexey"]
[Black "Bocharov, Ivan"]
[Result "0-1"]
[WhiteElo "2390"]
[BlackElo "2489"]
[PlyCount "86"]
[EventDate "2015.05.01"]

1. d4 f5 2. c4 Nf6 3. Nc3 g6 4. h4 d6 5. h5 Nxh5 6. e4 Nf6 7. Bd3 Nc6 8. Nf3 e5
9. exf5 gxf5 10. d5 Ne7 11. Nh4 Bg7 12. Bg5 O-O 13. Qd2 Bd7 14. Bh6 Rf7 15. Qg5
Qf8 16. O-O-O Ng4 17. Bxg7 Rxg7 18. Qd2 e4 19. Bc2 Qf6 20. Qe2 Re8 21. Kb1 Ng6
22. g3 e3 23. fxe3 Nxe3 24. Rde1 Nxh4 25. gxh4 Nxc2 26. Qxc2 Rxe1+ 27. Rxe1
Qxh4 28. Qe2 f4 29. Rf1 Bf5+ 30. Kc1 Re7 31. Qg2+ Bg6 32. Qf2 Qh3 33. Re1 Rxe1+
34. Qxe1 Qe3+ 35. Qd2 Bd3 36. b3 h5 37. Nd1 Qxd2+ 38. Kxd2 Bb1 39. Nc3 h4 40.
Ke2 h3 41. Kf3 Bc2 42. Kf2 Kf7 43. Kg1 f3 0-1

[Event "Team men HL chess"]
[Site "?"]
[Date "2015.05.01"]
[Round "1.4"]
[White "Anikonov, Dmitry"]
[Black "Pogosian, Georgy"]
[Result "1/2-1/2"]
[WhiteElo "2320"]
[BlackElo "2232"]
[PlyCount "98"]
[EventDate "2015.05.01"]

1. d4 d5 2. c4 Nc6 3. cxd5 Qxd5 4. e3 e5 5. Nc3 Bb4 6. Bd2 Bxc3 7. Bxc3 exd4 8.
Ne2 Nf6 9. Nxd4 O-O 10. Nb5 Qg5 11. h4 Qh6 12. Nxc7 Bg4 13. f3 Qxe3+ 14. Be2
Rad8 15. Qc1 Qe7 16. Qf4 Bc8 17. Kf2 Nh5 18. Qg5 Qxc7 19. Qxh5 Qb6+ 20. Kf1 Ne7
21. Qa5 Nf5 22. Qxb6 Ng3+ 23. Kf2 Nxh1+ 24. Rxh1 axb6 25. g4 Be6 26. a3 Rc8 27.
Re1 Rfd8 28. Kg3 Bd5 29. Kf2 Bb3 30. Bb5 Be6 31. Ba4 Rc4 32. Bc2 h5 33. g5 Rxh4
34. Be4 Rd7 35. Kg2 Bd5 36. Bf5 Rd8 37. Kg3 Rc4 38. Rd1 h4+ 39. Kf2 Rc5 40. Be4
Rd7 41. Bb4 Rb5 42. Bf5 Be6 43. Rxd7 Rxf5 44. Rd8+ Kh7 45. Rd4 Rxg5 46. Rxh4+
Kg6 47. Bc3 f6 48. Rd4 Bd5 49. Rg4 Rxg4 1/2-1/2

[Event "Team men HL chess"]
[Site "?"]
[Date "2015.05.01"]
[Round "1.4"]
[White "Parfenov, Viktor N"]
[Black "Mikhel, Vladislav"]
[Result "1/2-1/2"]
[WhiteElo "2224"]
[BlackElo "2347"]
[PlyCount "104"]
[EventDate "2015.05.01"]

1. Nf3 d5 2. g3 Nf6 3. Bg2 e6 4. O-O Be7 5. c4 O-O 6. d4 Nbd7 7. Nbd2 b6 8. Ne5
Bb7 9. cxd5 exd5 10. Ndf3 c5 11. Qa4 cxd4 12. Nxd7 Nxd7 13. Nxd4 Nc5 14. Qd1
Bf6 15. b3 a5 16. Be3 Re8 17. Rc1 Bg5 18. Bxg5 Qxg5 19. a3 h6 20. b4 axb4 21.
axb4 Ne4 22. Rc7 Bc8 23. Qc1 Qe5 24. Qf4 Qxf4 25. gxf4 Nf6 26. e3 Be6 27. Rb7
Reb8 28. Rxb8+ Rxb8 29. Nxe6 fxe6 30. Rc1 Nd7 31. Rc7 Nf8 32. f5 exf5 33. Bxd5+
Kh7 34. f3 Kg6 35. Kf2 Kf6 36. e4 fxe4 37. fxe4 Ng6 38. Rf7+ Ke5 39. Ke3 Rf8
40. Rxg7 Nf4 41. Re7+ Kd6 42. Rb7 Nxd5+ 43. exd5 Kxd5 44. Rxb6 Kc4 45. h4 h5
46. b5 Rf5 47. Ke4 Rxb5 48. Rxb5 Kxb5 49. Kf5 Kc6 50. Kg6 Kd7 51. Kxh5 Ke8 52.
Kh6 Kf8 1/2-1/2

[Event "Team men HL chess"]
[Site "?"]
[Date "2015.05.01"]
[Round "1.5"]
[White "Golubov, Saveliy"]
[Black "Panarin, Mikhail"]
[Result "1/2-1/2"]
[WhiteElo "2370"]
[BlackElo "2560"]
[PlyCount "120"]
[EventDate "2015.05.01"]

1. e4 Nf6 2. e5 Nd5 3. d4 d6 4. Nf3 Bg4 5. Be2 Nc6 6. exd6 exd6 7. O-O Be7 8.
h3 Bh5 9. c4 Nb6 10. d5 Bxf3 11. Bxf3 Ne5 12. Be2 O-O 13. Nd2 Re8 14. b3 Nbd7
15. Ne4 Nc5 16. Nc3 Bf6 17. Qc2 Ng6 18. Bf3 Ne5 19. Be2 Ng6 20. Bf3 Ne5 21. Bh5
Ned3 22. Be3 Bg5 23. Bd4 Bf6 24. Be3 Bg5 25. Bd4 Bf6 26. Bxf6 Qxf6 27. g3 Qh6
28. Bg4 Ne5 29. b4 Ncd3 30. Rab1 Nxg4 31. hxg4 Ne5 32. Qe4 a6 33. c5 Qh3 34. g5
Qh5 35. Kg2 Ng6 36. Qf5 Re5 37. Qh3 Rxg5 38. Qxh5 Rxh5 39. f4 Ne7 40. cxd6 cxd6
41. g4 Rh6 42. Rfe1 Kf8 43. Re3 f5 44. Rbe1 Ng6 45. Kg3 fxg4 46. Kxg4 Rh4+ 47.
Kg3 h5 48. Ne4 Rg4+ 49. Kh2 Rd8 50. Rf1 Re8 51. Ree1 Nh4 52. Rf2 Nf5 53. Ree2
Nd4 54. Re3 g5 55. fxg5+ Kg7 56. Rf7+ Kg6 57. Rf6+ Kg7 58. Rf7+ Kg6 59. Rf6+
Kg7 60. Rf7+ Kg6 1/2-1/2

[Event "Team men HL chess"]
[Site "?"]
[Date "2015.05.01"]
[Round "1.5"]
[White "Bryzgalin, Kirill"]
[Black "Ivanov, Alexander Al"]
[Result "1-0"]
[WhiteElo "2450"]
[BlackElo "2420"]
[PlyCount "101"]
[EventDate "2015.05.01"]

1. c4 e5 2. Nc3 Nf6 3. e3 d5 4. cxd5 Nxd5 5. Qc2 Be7 6. Nf3 Nc6 7. a3 a6 8. b4
Nxc3 9. dxc3 O-O 10. e4 Bg4 11. Be2 Bxf3 12. Bxf3 Bg5 13. Bb2 Qf6 14. O-O Nd8
15. Bg4 Ne6 16. g3 Rfd8 17. Rad1 Qe7 18. Qe2 g6 19. h4 Bh6 20. Qc4 c6 21. Bxe6
Qxe6 22. Qxe6 fxe6 23. c4 Bg7 24. Kg2 Kf7 25. Kf3 Bf6 26. Ke2 Ke7 27. Bc3 b5
28. Rxd8 Rxd8 29. c5 h5 30. a4 Rd7 31. Ra1 Rc7 32. Ra3 Rd7 33. axb5 axb5 34.
Ra8 Rc7 35. f3 Kf7 36. g4 hxg4 37. fxg4 Bxh4 38. Bxe5 Rd7 39. Ra6 Bf6 40. Bd6
Bc3 41. Rxc6 Bxb4 42. Rb6 Ke8 43. e5 Rd8 44. Rxb5 Bc3 45. Rb7 Rc8 46. Kd3 Ba1
47. Ra7 Bb2 48. Kc4 Bc1 49. Re7+ Kd8 50. Rxe6 g5 51. Kd5 1-0

[Event "Team men HL chess"]
[Site "?"]
[Date "2015.05.01"]
[Round "1.5"]
[White "Konaplev, Anton"]
[Black "Lugovskoy, Maxim"]
[Result "0-1"]
[WhiteElo "2294"]
[BlackElo "2435"]
[PlyCount "110"]
[EventDate "2015.05.01"]

1. c4 e5 2. Nc3 Nf6 3. Nf3 Nc6 4. g3 Bb4 5. Bg2 O-O 6. O-O e4 7. Ng5 Bxc3 8.
bxc3 Re8 9. f3 e3 10. d3 d5 11. Qb3 Na5 12. Qa3 b6 13. cxd5 Nxd5 14. f4 Bb7 15.
Bb2 c5 16. c4 Nc7 17. Qc3 f6 18. Ne4 Ne6 19. f5 Nd4 20. Rae1 Qd7 21. Bc1 Qa4
22. a3 Rad8 23. Rf4 Re5 24. g4 Kh8 25. Qb2 Ba8 26. Ref1 Qb3 27. Re1 Qa4 28.
Ref1 Qe8 29. Ng3 Bxg2 30. Kxg2 Qc6+ 31. Kg1 a6 32. Qa2 Nab3 33. Ne4 Nd2 34. Ng3
Nxf1 35. Nxf1 Rde8 36. a4 R5e7 37. Ng3 h6 38. Rf1 Qc7 39. Nh5 Qc6 40. Nf4 Kh7
41. Bb2 Rd7 42. Bc3 Ra8 43. a5 bxa5 44. Bxa5 Rb7 45. Nd5 Rab8 46. Bc3 Rb3 47.
Ra1 h5 48. gxh5 Qe8 49. Bxd4 cxd4 50. Qxa6 Qxh5 51. Qd6 Rb1+ 52. Rxb1 Rxb1+ 53.
Kg2 Qg4+ 54. Qg3 Qxe2+ 55. Kh3 Qh5+ 0-1

[Event "Team men HL chess"]
[Site "?"]
[Date "2015.05.01"]
[Round "1.5"]
[White "Oganian, Miran"]
[Black "Khoroshilov, Nikita"]
[Result "1-0"]
[WhiteElo "2375"]
[BlackElo "2263"]
[PlyCount "105"]
[EventDate "2015.05.01"]

1. d4 g6 2. Nf3 Nf6 3. c4 d6 4. Nc3 Bg7 5. e4 O-O 6. Be2 Nbd7 7. O-O e5 8. Qc2
c6 9. Rd1 Qe7 10. d5 c5 11. Ne1 Ne8 12. Be3 f5 13. exf5 gxf5 14. f4 Ndf6 15. h3
Ne4 16. Nf3 Nxc3 17. bxc3 exf4 18. Bc1 Bh6 19. Bd3 Ng7 20. Qf2 Bd7 21. Rb1 b6
22. Kh2 Nh5 23. Ng1 Qg5 24. Ne2 Kh8 25. Rf1 Rae8 26. Nxf4 Nxf4 27. Bxf4 Qxf4+
28. Qxf4 Bxf4+ 29. Rxf4 Re3 30. Rd1 Kg7 31. Kg1 h6 32. Kf2 Rfe8 33. Rf3 Rxf3+
34. Kxf3 Kf6 35. Kf4 Rg8 36. g3 Re8 37. a4 a5 38. Rb1 Rb8 39. Bc2 Rb7 40. Re1
Rb8 41. g4 fxg4 42. hxg4 Re8 43. Rh1 Kg7 44. g5 Rh8 45. Rb1 Rf8+ 46. Kg3 hxg5
47. Rxb6 Bf5 48. Bxf5 Rxf5 49. Kg4 Rf4+ 50. Kxg5 Rxc4 51. Rb7+ Kf8 52. Kf6 Ke8
53. Ke6 1-0

[Event "Team men HL chess"]
[Site "?"]
[Date "2015.05.01"]
[Round "1.6"]
[White "Demidov, Mikhail"]
[Black "Musalov, Ruslan"]
[Result "1-0"]
[WhiteElo "2513"]
[BlackElo "2352"]
[PlyCount "99"]
[EventDate "2015.05.01"]

1. d4 Nf6 2. Nf3 e6 3. c4 b6 4. g3 Bb7 5. Bg2 Bb4+ 6. Nbd2 O-O 7. O-O Bxd2 8.
Qxd2 Be4 9. Qc3 d6 10. b3 Nbd7 11. Bb2 Re8 12. Bh3 Bb7 13. Rad1 Ne4 14. Qc2 Ng5
15. Nxg5 Qxg5 16. e4 Qh5 17. Bg2 e5 18. d5 Bc8 19. f4 exf4 20. gxf4 Nf6 21. Qc3
Bg4 22. Rd3 Qh4 23. Re3 Re7 24. h3 Bd7 25. Rg3 Kh8 26. e5 Nh5 27. Rxg7 Kxg7 28.
exd6+ f6 29. dxe7 Kf7 30. Qe3 Rg8 31. Rf3 Ke8 32. Bc3 Rxg2+ 33. Kxg2 Bxh3+ 34.
Rxh3 Nxf4+ 35. Kh2 Nxh3 36. Qxh3 Qf2+ 37. Kh1 f5 38. Bb4 Kd7 39. Qg2 Qh4+ 40.
Kg1 Qd4+ 41. Qf2 Qg4+ 42. Kf1 a5 43. Qe3 Ke8 44. Bd2 h5 45. Qg5 Qf3+ 46. Kg1
Qd1+ 47. Kf2 Qc2 48. Kg3 Qe4 49. Qxh5+ Kxe7 50. Qh4+ 1-0

[Event "Team men HL chess"]
[Site "?"]
[Date "2015.05.01"]
[Round "1.6"]
[White "Nazaretyan, Tigran"]
[Black "Chekhov, Sergei"]
[Result "0-1"]
[WhiteElo "2202"]
[BlackElo "2480"]
[PlyCount "112"]
[EventDate "2015.05.01"]

1. d4 Nf6 2. c4 e6 3. Nc3 Bb4 4. Qc2 c5 5. dxc5 O-O 6. a3 Bxc5 7. Nf3 a6 8. Bf4
b5 9. cxb5 axb5 10. e3 b4 11. Na4 d6 12. Nxc5 dxc5 13. Qxc5 bxa3 14. Rxa3 Nbd7
15. Qc7 Qxc7 16. Bxc7 Rxa3 17. bxa3 Bb7 18. Ba5 Rc8 19. Bd2 Rc2 20. Bd3 Ra2 21.
Bc1 Nc5 22. Bb5 Bc6 23. Bxc6 Nd3+ 24. Kf1 Rxf2+ 25. Kg1 Rc2 26. Bd2 Rxc6 27.
Kf1 Ra6 28. Ke2 Rxa3 29. Rb1 g6 30. Rb7 Ne4 31. Rb8+ Kg7 32. Bb4 Nxb4 33. Rxb4
Nc3+ 34. Kf1 Nd5 35. Rb7 Nxe3+ 36. Kg1 Ng4 37. Kf1 Ra1+ 38. Ke2 Ra2+ 39. Ke1
Rxg2 40. Ng5 Ne5 41. h4 Rh2 42. Nxe6+ Kf6 43. Nc5 Rxh4 44. Ke2 h5 45. Ke3 Rg4
46. Ne4+ Kg7 47. Re7 Nc4+ 48. Kf3 Rg1 49. Nf2 Nd6 50. Rd7 Nf5 51. Ne4 Re1 52.
Ng5 Re7 53. Rd8 f6 54. Ne4 Nh4+ 55. Kf4 g5+ 56. Nxg5 Ng6+ 0-1

[Event "Team men HL chess"]
[Site "?"]
[Date "2015.05.01"]
[Round "1.6"]
[White "Pasiev, Rakhim"]
[Black "Shandrygin, Nikita"]
[Result "1/2-1/2"]
[WhiteElo "2400"]
[BlackElo "2187"]
[PlyCount "109"]
[EventDate "2015.05.01"]

1. d4 Nf6 2. Nc3 d5 3. Bf4 e6 4. Nb5 Bb4+ 5. c3 Ba5 6. e3 O-O 7. Bd3 c6 8. Na3
Nbd7 9. Nf3 Bc7 10. Qe2 Re8 11. O-O-O a5 12. g4 e5 13. dxe5 Bxe5 14. Nxe5 Nxe5
15. Bxe5 Rxe5 16. Rhg1 Qe8 17. Nc2 Ne4 18. Nd4 Bd7 19. Qc2 c5 20. Nf3 Re7 21.
Bxe4 dxe4 22. Ng5 h6 23. Nh3 g5 24. Rd6 Re6 25. Rd2 Ba4 26. b3 Bc6 27. Rgd1 a4
28. c4 axb3 29. axb3 Ra1+ 30. Kb2 Rxd1 31. Rxd1 Qe7 32. Ng1 Qf6+ 33. Kb1 b5 34.
Rd2 Re8 35. Qb2 Qe6 36. Ne2 bxc4 37. bxc4 Qxc4 38. Ng3 Qb5 39. Rd6 Rb8 40. Qxb5
Bxb5 41. Kc1 Bd3 42. Rc6 Rb1+ 43. Kd2 Rb2+ 44. Ke1 c4 45. h3 Rc2 46. Rc8+ Kh7
47. Rc7 c3 48. Kd1 Rxf2 49. Rxc3 Rf3 50. Nf5 Rxh3 51. Rc7 Kg6 52. Rc6+ Kh7 53.
Rc7 Kg6 54. Rc6+ Kh7 55. Rc7 1/2-1/2

[Event "Team men HL chess"]
[Site "?"]
[Date "2015.05.01"]
[Round "1.6"]
[White "Basiev, V P."]
[Black "Vastrukhin, Oleg"]
[Result "0-1"]
[WhiteElo "2012"]
[BlackElo "2386"]
[PlyCount "102"]
[EventDate "2015.05.01"]

1. Nf3 g6 2. c4 Bg7 3. d4 c6 4. e4 d5 5. cxd5 cxd5 6. exd5 Nf6 7. Bb5+ Nbd7 8.
Nc3 O-O 9. Bg5 Nb6 10. Bxf6 Bxf6 11. Qb3 Qd6 12. h3 e6 13. Ne4 Qf4 14. Nxf6+
Qxf6 15. d6 Rd8 16. Qa3 Qf4 17. O-O Qxd6 18. Qc5 a6 19. Be2 Nd5 20. Rfd1 b6 21.
Qxd6 Rxd6 22. g3 Bb7 23. a3 Ne7 24. Ne5 Rad8 25. Nc4 Rc6 26. Ne3 b5 27. a4 b4
28. Nc4 Ba8 29. Na5 Rcd6 30. Nb3 Bd5 31. Nc5 a5 32. Nd3 Bb3 33. Rdc1 Nf5 34.
Nc5 Nxd4 35. Bf1 Bd5 36. Rd1 Nf3+ 37. Kg2 Rc8 38. Ne4 Nd2 39. f3 Nxe4 40. fxe4
Bxe4+ 41. Kg1 Rxd1 42. Rxd1 Rc2 43. Rd6 Rxb2 44. Ra6 Rb1 45. Rxa5 Bd3 46. Ra8+
Kg7 47. Kf2 Bxf1 48. h4 b3 49. a5 Bc4 50. a6 b2 51. Rb8 Rf1+ 0-1